000 00658nam a2200169Ia 4500
008 110201s9999 xx 000 0 und d
082 _bB740
_aK 560
100 _aकुलकर्णी भाऊ श्रीधर
245 _aअमर सिंहाचा आत्मयज्ञ
260 _bसुरस प्रकाशन
365 _b25
600 _aकुलकर्णी भाऊ श्रीधर
630 _aअमर सिंहाचा आत्मयज्ञ
700 _aकुलकर्णी भाऊ श्रीधर
730 _aअमर सिंहाचा आत्मयज्ञ
942 _cBOOK
999 _c828149
_d828146